000 01270cam a22002295a 4500
001 L158529
008 150413s2015 xxk f 000 0 eng d
035 _a(Sirsi) u158529
041 0 _aeng
110 2 _aHalifax
_95942
245 0 0 _aFive years of Generation Rent
_bPerceptions of the first-time buyer market housing market 2015
_h[electronic resource]
260 _a[S.l.]
_b[s.n.]
_c2015
520 _aFive years on from the first Generationl Rent survey records the findings of research undertaken by the Halifax into the market sentiment of the 25-40 age group towards home ownership and the affordability issues concerning purchase of property. Whilst schemes such as Help to Buy have helped many first time buyers the number of people in their 20s and 30s who are saving for a first dposit has dropped by 6% with many seeing themselves as long term renters rather than first time buyers.
590 _aKA
650 2 4 _aGENERATION RENT
650 2 4 _aFIRST-TIME BUYERS
650 2 4 _aHELP-TO-BUY
651 4 _aUnited Kingdom
_y
690 _aResidential property
_96266
856 4 0 _uhttps://www.lloydsbankinggroup.com/Media/Press-Releases/2015/halifax/generation-rent-2015-report/
_zView this item free of charge at www.lloydsbankinggroup.com
942 _n0
999 _c115360
_d115360